Pinoy big values / (Record no. 8227)
[ view plain ]
| 000 -LEADER | |
|---|---|
| fixed length control field | 00649nam a22001697a 4500 |
| 008 - FIXED-LENGTH DATA ELEMENTS--GENERAL INFORMATION | |
| fixed length control field | 181210b ||||| |||| 00| 0 eng d |
| 020 ## - INTERNATIONAL STANDARD BOOK NUMBER | |
| International Standard Book Number | 9789710092963 |
| 050 ## - LIBRARY OF CONGRESS CALL NUMBER | |
| Classification number | F BD 435 |
| Item number | .C869 2014 |
| 100 ## - MAIN ENTRY--PERSONAL NAME | |
| Personal name | Crizaldo, Rei Lemuel |
| 9 (RLIN) | 28233 |
| 245 ## - TITLE STATEMENT | |
| Title | Pinoy big values / |
| Statement of responsibility, etc | Rei Lemuel Cruzaldo, Ronald Molmisa. |
| 260 ## - PUBLICATION, DISTRIBUTION, ETC. (IMPRINT) | |
| Place of publication, distribution, etc | Mandaluyong City, Metro Manila, Philippines : |
| Name of publisher, distributor, etc | OMF LIterature, Inc., |
| Date of publication, distribution, etc | c2014. |
| 300 ## - PHYSICAL DESCRIPTION | |
| Extent | 130 pages ; |
| Dimensions | 18 cm. |
| 650 ## - SUBJECT ADDED ENTRY--TOPICAL TERM | |
| Topical term or geographic name as entry element | National characteristics, Philippine |
| Form subdivision | Handbooks, manuals, etc. |
| 9 (RLIN) | 28234 |
| 650 ## - SUBJECT ADDED ENTRY--TOPICAL TERM | |
| Topical term or geographic name as entry element | Values -- Philippines |
| Form subdivision | Handbooks, manuals, etc. |
| 9 (RLIN) | 28235 |
| 700 ## - ADDED ENTRY--PERSONAL NAME | |
| Personal name | Molmisa, Ronald |
| 9 (RLIN) | 28236 |
| 942 ## - ADDED ENTRY ELEMENTS (KOHA) | |
| Source of classification or shelving scheme | Library of Congress Classification |
| Item type | Books |
| Withdrawn status | Lost status | Source of classification or shelving scheme | Damaged status | Not for loan | Collection code | Home library | Current library | Shelving location | Date acquired | Source of acquisition | Inventory number | Total Checkouts | Full call number | Barcode | Date last seen | Copy number | Price effective from | Koha item type | Cost, replacement price |
|---|---|---|---|---|---|---|---|---|---|---|---|---|---|---|---|---|---|---|---|
| Library of Congress Classification | Filipiniana | DLSU-D HS Learning Resource Center | DLSU-D HS Learning Resource Center | Filipiniana | 12/10/2018 | Donati0n-Bookdrive SY 16-17 | FIL-005317 | F BD 435 .C869 2014 | 3HSL2014005317 | 08/11/2023 | 005317 | 12/10/2018 | Books | ||||||
| Library of Congress Classification | Filipiniana | DLSU-D HS Learning Resource Center | DLSU-D HS Learning Resource Center | Filipiniana | 03/26/2019 | Donation - Bookdrive SY 17-18 | FIL-005316 | F BD 435 .C869 2014 | 3HSL2014005316 | 08/11/2023 | 03/26/2019 | Books | 2019.00 |









